| 000 | 01022nas a2200301 4500 | ||
|---|---|---|---|
| 001 | BR2012006734 | ||
| 003 | BR-BrBNA | ||
| 005 | 20231205121220.0 | ||
| 007 | ta | ||
| 008 | 230509b bl.|||p| |||| 00| 00por d | ||
| 040 |
_aBR-BrBNA _bpor _cBiblioteca Nacional de Agricultura |
||
| 041 | _a(En) | ||
| 072 | _aP33; U10; P35 | ||
| 100 | 1 | _aAndrade Neto, T.M. de | |
| 100 | 1 | _aCoelho, E.F. | |
| 100 | 1 | _aSantana, J.A. do V. | |
| 100 | 1 | _aSantana Júnior, E.B. | |
| 100 | 1 | _aAlves, M. da S. | |
| 245 | 1 | _aPotassium estimation in the soil solution based on electrical conductivity and soil water content | |
| 650 | _aFERTIRRIGAÇÃO | ||
| 650 | _aQUÍMICA DO SOLO | ||
| 650 | _aPOTÁSSIO | ||
| 650 | _aCONDUTIVIDADE ELÉTRICA | ||
| 773 | 0 |
_tRevista Brasileira de Engenharia Agrícola e Ambiental (Brazil) _xISSN 1807-1929 _g(Jun 2012), v.16(6) p. 618-623 _wBR2012006734 |
|
| 856 | 4 | 0 | _uhttp://www.agriambi.com.br/revista/v16n06/v16n06a05.pdf |
| 909 |
_a202311 _bLúcia _c55 _dLúcia Elande |
||
| 942 |
_2AGRIS _n0 _cANA |
||
| 999 |
_c222369 _d222369 |
||